<?xml version="1.0" encoding="UTF-8"?>
<record
    xmlns:xsi="http://www.w3.org/2001/XMLSchema-instance"
    xsi:schemaLocation="http://www.loc.gov/MARC21/slim http://www.loc.gov/standards/marcxml/schema/MARC21slim.xsd"
    xmlns="http://www.loc.gov/MARC21/slim">

  <leader>02398    a2200217   4500</leader>
  <controlfield tag="001">33017</controlfield>
  <controlfield tag="005">20260407155625.0</controlfield>
  <controlfield tag="008">260407a1978    arg                 spa d</controlfield>
  <controlfield tag="003">AR-UNSa-BCEJYS</controlfield>
  <datafield tag="040" ind1=" " ind2=" ">
    <subfield code="a">AR-UNSa-BCEJYS</subfield>
    <subfield code="b">spa</subfield>
    <subfield code="c">AR-UNSa-BCEJYS</subfield>
  </datafield>
  <datafield tag="080" ind1=" " ind2=" ">
    <subfield code="a">658.012.4</subfield>
    <subfield code="x">Gesti&#xF3;n. Direcci&#xF3;n. Autoridad. T&#xE9;cnicas y m&#xE9;todos de gesti&#xF3;n (gesti&#xF3;n del conocimiento, Outsourcing, Benchmarking...)</subfield>
  </datafield>
  <datafield tag="245" ind1="1" ind2="0">
    <subfield code="a">La dinamica administrativa</subfield>
    <subfield code="p">conceptos, funcionamiento y aplicaciones practicas</subfield>
  </datafield>
  <datafield tag="264" ind1=" " ind2="1">
    <subfield code="a">M&#xE9;xico :</subfield>
    <subfield code="b">Diana</subfield>
    <subfield code="c">1978</subfield>
  </datafield>
  <datafield tag="300" ind1=" " ind2=" ">
    <subfield code="a">962 p.</subfield>
    <subfield code="c">23 cm.</subfield>
  </datafield>
  <datafield tag="505" ind1=" " ind2=" ">
    <subfield code="a">1. Papel que desempe&#xF1;a la gerencia - 2. Explosi&#xF3;n del pensamiento acerca de la administraci&#xF3;n - 3. Divisi&#xF3;n del trabajo de operaci&#xF3;n en unidades gobernables - 4. Divisi&#xF3;n del trabajo administrativo: La descentralizaci&#xF3;n - 5. Forma de delegar tareas - 6. Divisi&#xF3;n del trabajo administrativo: Uso de personal asesor( administrativo sin mando directo)staff- 7. Estructura integral de la organizaci&#xF3;n - 8. La organizaci&#xF3;n como factor del comportamiento social - 9. Las necesidades humanas y la estructura de la organizaci&#xF3;n - 10. Formaci&#xF3;n de redes de comunicaci&#xF3;n - 11. Autoridad, poder e influencia - 12. Concordancia de los puestos de trabajo y las personas que los ocupan - 13. Formas de diagnosticar: Requisito previo para tomar decisiones - 14. Influencia de la facultad creadora para tomar las decisiones - 15. Formas comparativas de actuar - 16. Forma de elgir - 17. El proceso de planeaci&#xF3;n en las empresas - 18. La estrategia maestra de las empresas - 19. Determinaci&#xF3;n de los objetivos - 20. Planeaciones de operaciones que se repiten - 21. Programaciones, medidas estrat&#xE9;gicas y planeaciones a largo plazo - 22. Participaci&#xF3;n del personal en la formulaci&#xF3;n de decisiones - 23. Importancia de la direcci&#xF3;n en la funci&#xF3;n administrativa - 24. Est&#xED;mulo a cooperaci&#xF3;n voluntaria - 25. La comunicaciones personales en ambos sentidos - 26. La direcci&#xF3;n y las saciones - 27. Elementos b&#xE1;sicos de la formulaci&#xF3;n de controles - 28. Pert (revisi&#xF3;n de programas y t&#xE9;cnicas de valoraci&#xF3;n) y los controles presupuestales - 29. Reacciones humanas a los controles - 30.Forma de conjuntar los controles con otros procedimientos administrativos.</subfield>
  </datafield>
  <datafield tag="942" ind1=" " ind2=" ">
    <subfield code="c">BK</subfield>
  </datafield>
  <datafield tag="590" ind1=" " ind2=" ">
    <subfield code="a">niveau_biblio:m niveau_hierar:0</subfield>
  </datafield>
  <datafield tag="100" ind1="1" ind2=" ">
    <subfield code="a">Newman, William H.</subfield>
  </datafield>
  <datafield tag="700" ind1="1" ind2=" ">
    <subfield code="a">Summer, Charles E.</subfield>
  </datafield>
  <datafield tag="700" ind1="1" ind2=" ">
    <subfield code="a">Warren, E. Kirby</subfield>
  </datafield>
  <datafield tag="999" ind1=" " ind2=" ">
    <subfield code="c">2322</subfield>
    <subfield code="d">2322</subfield>
  </datafield>
  <datafield tag="952" ind1=" " ind2=" ">
    <subfield code="0">0</subfield>
    <subfield code="1">0</subfield>
    <subfield code="4">0</subfield>
    <subfield code="7">0</subfield>
    <subfield code="a">BCEJYS</subfield>
    <subfield code="b">BCEJYS</subfield>
    <subfield code="c">16</subfield>
    <subfield code="d">2026-04-07</subfield>
    <subfield code="l">0</subfield>
    <subfield code="o">658.012.4 N551</subfield>
    <subfield code="p">L33951</subfield>
    <subfield code="r">2026-04-07 15:56:25</subfield>
    <subfield code="w">2026-04-07</subfield>
    <subfield code="y">L</subfield>
  </datafield>
</record>
